KC ROYALS STARTERS 2015 MLB POSTSEASON - Statistics

General Stats
  • This quiz has been taken 622 times
  • The average score is 8 of 12
Answer Stats
Hint Answer % Correct
1st ecic hosmer
93%
C salvador perez
93%
LF alex gordon
87%
CF lorenzo cain
83%
3rd mike moustakas
82%
SS alcides escobar
79%
SP johnny cueto
55%
SP yordano ventura
55%
DH kendrys morales
54%
backup at most position ben zobrist
53%
2nd omar infante
51%
RF alex rios
42%
No matching quizzes found
Score Distribution
Percent of People with Each Score
Percentile by Number Answered
Your Score History
You have not taken this quiz